000 01051nam a22003497a 4500
001 0041470
003 KOHA_MİRAKIL
005 20260207003237.0
007 ta
008 130730b2012 tu |||gr||||#0|||1|tur |
020 _a9789754081060
040 _aTR-BiSEU
_btur
_cTR-BiSEU
_erda
041 0 _atur
044 _ctu
050 _aPL248.B34
_bE53 2012
100 1 _aBahadıroğlu, Yavuz.
245 1 _aEndülüs'e veda/
_cYavuz Bahadıroğlu ; Yavuz Bahadıroğlu.
250 _a81. basım
264 1 _aİstanbul :
_bNesil Yayınları
_c2012
300 _a270 sayfa ;
_c20 cm.
336 _ametin
_btxt
_2rdacontent
337 _aaracısız
_bn
_2rdamedia
338 _acilt
_bnc
_2rdacarrier
490 1 _aYavuz Bahadıroğlu romanları ;
_v25.
490 1 _aEndülüs dönemi dizisi ;
_v1.
650 0 _aRoman--Türk edebiyatı.
_930814
650 0 _aTürk romanı.
_95504
830 1 _aYavuz Bahadıroğlu romanları ;
_v25.
_976978
830 1 _aEndülüs dönemi dizisi ;
_v1.
_976979
907 _aRoman
942 _2lcc
_cBK
999 _c41324
_d41324